000
00234nam a2200097Ia 4500
001
688347
005
20250826161613.0
008
250824s9999 xx 000 0 und d
245
0
_a
ŞERMİN
_c
TEVFİK FİKRET
260
_b
TİMAŞ YAYINLARI
999
_c
688347
_d
688347